3 Films, 1 Actor, 1 Year Quiz Stats

 Plays Quiz Updated Sep 1, 2017

     
Support Sporcle.
Go Orange.
Score 0/30 Timer 06:00
0 Plays Today
% Correct
Jennifer Lawrence
91.2%
Robin Williams
90.8%
Jake Gyllenhaal
88%
Sandra Bullock
86.3%
Natalie Portman
86.1%
Steve Carell
85.4%
Jack Black
83.4%
Nicole Kidman
83.3%
Owen Wilson
81.9%
Tom Cruise
81.4%
Gene Wilder
81.1%
Don Cheadle
80.8%
Robert De Niro
79.7%
Tom Hardy
77.4%
Samuel L. Jackson
76.9%
% Correct
Johnny Depp
74.3%
Denzel Washington
73.3%
Ryan Gosling
73%
Joseph Gordon-Levitt
72.8%
Harvey Keitel
72.2%
Angelina Jolie
72%
John Cusack
70.7%
Amy Adams
70.7%
Emma Stone
70.4%
Meryl Streep
68.1%
Jodie Foster
64.2%
Anne Hathaway
62.8%
Scarlett Johansson
61.5%
Cate Blanchett
56.9%
Jessica Chastain
47.7%

From the Vault

Billboard Top 30 Summer Songs of All-Time

by underwaterlemons

Music 7m
No matter when you hear them, these songs will make the day feel just a couple degrees warmer.
Remove Ads.
Support Sporcle.
Get the best of Sporcle when you Go Orange. This ad-free experience offers more features, more stats, and more fun while also helping to support Sporcle. Thank you for becoming a member.

Show Comments

Extras

Top Quizzes Today


Score Distribution

Your Account Isn't Verified!

In order to create a playlist on Sporcle, you need to verify the email address you used during registration. Go to your Sporcle Settings to finish the process.

Report this User

Report this user for behavior that violates our Community Guidelines.

Details: